000 00532nam a2200205Ia 4500
003 GCL
008 140319s9999 xx 000 0 eng d
040 _aGCL /
_cGCL
082 0 4 _a305.8036044
_bS R
100 1 _aSOLMOS, JOHN
245 1 0 _aRACE, POLITICAL AND SOCIAL CHANGE /
_cSOLMOS, JOHN
700 1 _aBACK, LES
260 _a[S.N] :
_bROUTLEDGE ،
_c1995
300 _a232 P
650 0 4 _aالمحفوظات
650 0 4 _aRACISM
650 0 4 _aSOCIAL CHANGE - GREAT BRITAIN
650 0 4 _aNEGRO - RACE
942 _2ddc
_cBK
999 _c14139
_d14139